Statistics for Players With TD Receptions From Drew Brees - With Hints

Click here to take the quiz!

General Stats

  • This quiz has been taken 9 times
  • The average score is 31 of 74

Answer Stats

RecTDsInitPlayerTeamFirst TDLast TD% Correct
31514A KAlvin KamaraNOROct '17Dec '20
100%
7213T STre'Quan SmithNOROct '18Jan '21
100%
308T HTaysom HillNORJan '19Nov '20
100%
46433M TMichael ThomasNORSep '16Jan '21
100%
39954J GJimmy GrahamNORNov '10Dec '14
100%
11615J HJosh HillNORNov '13Nov '20
100%
34814P TPierre ThomasNORDec '07Oct '14
100%
2305M IMark IngramNORSep '16Nov '18
88%
374J HJoe HornNOROct '06Nov '06
88%
7312J CJared CookNORNov '19Jan '21
88%
14312B WBen WatsonNORSep '13Nov '18
88%
76276M CMarques ColstonNORSep '06Dec '15
88%
35939L MLance MooreNORNov '07Jan '14
88%
897D TDavid ThomasNORNov '09Dec '12
75%
301D HDeonte HarrisNOROct '20Oct '20
75%
413L MLatavius MurrayNOROct '19Jan '21
75%
25121D HDevery HendersonNORSep '06Oct '12
75%
18624A GAntonio GatesSDGOct '04Dec '05
75%
564E SEmmanuel SandersNORSep '20Jan '21
75%
482E JEric JohnsonNOROct '07Nov '07
63%
71A JAustin JohnsonNOROct '14Oct '14
63%
214H EHeath EvansNORSep '09Jan '11
63%
31J JJamal JonesNORDec '06Dec '06
63%
2636L TLaDainian TomlinsonSDGOct '02Nov '05
63%
11F JFreddie JonesSDGNov '01Nov '01
63%
26317D SDarren SprolesBothSep '11Nov '13
63%
20820B CBrandin CooksNORSep '14Dec '16
63%
31914R BReggie BushNORDec '06Sep '10
63%
202T LTommylee LewisNORDec '17Nov '18
50%
143A CAustin CarrNORNov '18Jan '21
50%
592D MDeuce McAllisterNORJan '07Nov '08
50%
1467W SWillie SneadNORSep '15Nov '16
50%
17926R MRobert MeachemNORSep '08Dec '13
50%
1488J SJeremy ShockeyNORSep '09Nov '10
38%
828B CBrandon ColemanNORSep '15Oct '17
38%
913B MBilly MillerNORNov '07Nov '08
38%
41L HLil'Jordan HumphreyNORDec '20Dec '20
25%
91A TAdam TrautmanNORNov '20Nov '20
25%
161J KJohn KuhnNOROct '16Oct '16
25%
451S AStephen AlexanderSDGDec '02Dec '02
25%
322C SC.J. SpillerNOROct '15Nov '15
25%
332M CMark CampbellNOROct '08Oct '08
25%
123Z LZach LineNORDec '17Dec '18
25%
174M HMichael HoomanawanuiNOROct '15Oct '17
25%
654D PDavid PattenNORNov '07Sep '08
25%
725C FCoby FleenerNORSep '16Sep '17
25%
14110E PEric ParkerSDGDec '02Dec '05
25%
988K SKenny StillsNOROct '13Nov '14
25%
1088T GTed GinnNORSep '17Nov '19
25%
153K KKeith KirkwoodNORNov '18Jan '19
13%
11D DDarnell DinkinsNORNov '09Nov '09
13%
141D ADan ArnoldNORNov '18Nov '18
13%
31G GGarrett GriffinNORJan '19Jan '19
13%
413D BDavid BostonSDGOct '03Dec '03
13%
425T CTerrance CopperNORNov '06Dec '07
13%
91C MCameron MeredithNORSep '18Sep '18
13%
10110K MKeenan McCardellSDGOct '04Dec '05
13%
651A SAaron SteckerNOROct '08Oct '08
13%
491L NLorenzo NealSDGNov '05Nov '05
13%
223K OKassim OsgoodSDGDec '03Dec '04
0%
91E LErik LorigNORNov '14Nov '14
0%
615C CCurtis ConwaySDGSep '02Nov '02
0%
31J GJohn GilmoreNORDec '11Dec '11
0%
81E CErnie ConwellNOROct '06Oct '06
0%
404J CJed CollinsNOROct '11Nov '12
0%
211N TNick ToonNORNov '14Nov '14
0%
212J NJosh NormanSDGSep '02Sep '03
0%
613T DTim DwightSDGOct '02Oct '04
0%
372M KMike KarneyNORDec '06Dec '06
0%
717R CReche CaldwellSDGOct '02Oct '05
0%
363J PJustin PeelleSDGSep '03Oct '04
0%
143J MJoe MorganNORSep '12Dec '12
0%
223F MFred McCrarySDGNov '02Dec '02
0%
947T CTravaris CadetNOROct '13Jan '17
0%

Score Distribution

Percentile by Number Answered

Percent of People with Each Score

Your Score History

You have not taken this quiz